West Highland Line stations - Statistics

General Stats
  • This quiz has been taken 28 times
  • The average score is 18 of 30
Answer Stats
Answer % Correct
Fort William
95%
Oban
84%
Mallaig
79%
Tyndrum Lower
74%
Upper Tyndrum
74%
Banavie
68%
Corrour
68%
Arisaig
63%
Bridge of Orchy
63%
Crianlarich
63%
Helensburgh Upper
63%
Loch Eil Outward Bound
63%
Roy Bridge
63%
Spean Bridge
63%
Tulloch
63%
Ardlui
58%
Arrochar & Tarbet
58%
Corpach
58%
Glenfinnan
58%
Locheilside
58%
Falls of Cruachan
53%
Garelochhead
53%
Lochailort
53%
Morar
53%
Rannoch
53%
Beasdale
47%
Connel Ferry
47%
Dalmally
47%
Loch Awe
47%
Taynuilt
47%
No matching quizzes found
Score Distribution
Percent of People with Each Score
Percentile by Number Answered
Your Score History
You have not taken this quiz